000 01024nam a2200181Ia 4500
008 151202s9999||||xx |||||||||||||| ||und||
082 _bPNVM-1635
100 _aराजवाडे वि. का.
245 _a"मराठ्यांच्या इतिहासाची साधने खंड 1 ते 8, 10 ते 12 व 15 ते 19 यातील स्थळांची सूची."
260 _bद. वा. पोतदार.
260 _c0
300 _a0
600 _aराजवाडे वि. का.
630 _a"मराठ्यांच्या इतिहासाची साधने खंड 1 ते 8, 10 ते 12 व 15 ते 19 यातील स्थळांची सूची."
700 _aराजवाडे वि. का.
730 _a"मराठ्यांच्या इतिहासाची साधने खंड 1 ते 8, 10 ते 12 व 15 ते 19 यातील स्थळांची सूची."
942 _cBOOK
999 _c1267633
_d1267630